000 00587nam a2200205 a 4500
005 20240924071104.0
008 150223s2005 mx r 000 0 spa d
020 _a9703216862
035 _aUPN01000201962
049 _aF
050 4 _aPQ7390 C3.6
_bT3.4
100 1 _aCardoso, Onelio Jorge,
_d1914-1986
_928662
245 1 0 _aTaita diga usted cómo /
_cOnelio Jorge Cardoso ; viñetas de Rigol /
260 _aMéxico :
_bUNAM,
_c2005.
300 _a20 p. :
_bil.
440 0 _aLunes ;
_v6
650 4 _aCUENTOS CUBANOS
_95073
650 2 _aLiteratura cubana
_96053
905 _aLibro
999 _c174063
_d174063